| 000 | 00452nam a22001697a 4500 | ||
|---|---|---|---|
| 003 | NUST - PNEC | ||
| 005 | 20170116180858.0 | ||
| 008 | 150831b xxu||||| |||| 00| 0 eng d | ||
| 020 | _a0806510684 | ||
| 040 | _cLIBRARY | ||
| 082 | _a920.02 HAR | ||
| 100 |
_96149 _aHart, Michael H. |
||
| 245 |
_aThe 100 : a ranking of the most influential persons in history _cMichael H. Hart |
||
| 650 |
_96150 _aBiography |
||
| 651 | _xGeneral | ||
| 942 |
_2ddc _cBK |
||
| 999 |
_c64882 _d64882 |
||